MARC

LEADER 00000nam0a2200000 4500
001 373888
005 20231102012615.0
035 |a (RuTPU)RU\TPU\retro\31319 
035 |a RU\TPU\book\270945 
090 |a 373888 
100 |a 20221216d1981 k y0rusy50 ca 
101 0 |a rus 
102 |a RU 
105 |a a z 001zy 
200 1 |a Электрические эффекты в радиоспектроскопии. Электронный парамагнитный, двойной электронно-ядерный и параэлектрический резонансы  |f М. Д. Глинчук [и др.]  |g под ред. М. Ф. Дейгена 
210 |a Москва  |c Наука  |d 1981 
215 |a 333 с.  |c ил. 
320 |a Библиогр.: с. 305-332. 
606 1 |a Радиоспектроскопия  |2 stltpush  |3 (RuTPU)RU\TPU\subj\69858  |9 84533 
610 1 |a электрические эффекты 
610 1 |a электронный резонанс 
610 1 |a парамагнитный резонанс 
610 1 |a двойной электронно-ядерный резонанс 
610 1 |a ДЭЯР 
610 1 |a параэлектрический резонанс 
610 1 |a гамильтонианы 
610 1 |a микротеория 
610 1 |a релаксация 
610 1 |a линии 
610 1 |a формы 
610 1 |a расчет 
610 1 |a спины 
610 1 |a динамика 
610 1 |a неметаллические кристаллы 
610 1 |a парамагнитные центры 
675 |a 535.33-12  |v 3 
701 1 |a Глинчук  |b М. Д.  |g Майя Давыдовна 
701 1 |a Грачев  |b В. Г.  |g Валентин Георгиевич 
701 1 |a Дейген  |b М. Ф.  |g Михаил Федорович 
701 1 |a Ройцин  |b А. Б.  |g Александр Брониславович 
701 1 |a Суслин  |b Л. А.  |g Леонид Александрович 
702 1 |a Дейген  |b М. Ф.  |g Михаил Федорович  |4 340 
801 1 |a RU  |b 63413507  |c 20140129 
801 2 |a RU  |b 63413507  |c 20221216  |g RCR 
942 |c BK